000 00613nam a22002177a 4500
003 UA-OsUOA
001 136425
007 ta
008 20190325b un ||||| |||| 00| 0 ukr d
100 _aЕрлінг Д.
090 _a93
_bЕ71
942 _cSA
040 _aUA-OsUOA
_bukr
_cUA-OsUOA
_dUA-OsUOA
245 _aШлях Китаю до військової супердержави
300 _aС.46-47
955 _a0
041 _aukr
080 _a93
773 0 _w136424
_tУкраїнський тиждень
_dК.
_d2019
_g11
650 7 _a9 Географія. Біографії. Історія
_2UDC
999 _c409335
_d409335